Normale Ansicht
MARC-Ansicht
Eintrag Personenname
001 - Kontrollnummer
- Kontrollfeld: 67426
003 - Kontrollnummer Identifier
- Kontrollfeld:
005 - Datum und Zeit der letzten Transaktion
- Kontrollfeld: 20251021090834.0
008 - Datenelemente mit fester Länge
- Kontrollfeld mit fester Länge: 251021|| aca||aabn | a|a d
040 ## - Katalogisierungsquelle
- Original-Katalogisierungsstelle:
- Übertragungsstelle:
100 ## - Ansetzung - Personenname
- Personenname: Goltz, Thomas
- Datumsangaben in Verbindung mit einem Namen: 1954-
670 ## - Datenquelle
- Quellenangabe: Work cat.: ()73077: 1\p Goltz, Thomas 1954- (DE-588)1053087209 (DE-627)789593947 (DE-576)408812885 aut, Georgia diary